Guess the Legendary Pokemon - Statistics

General Stats
  • This quiz has been taken 45 times
  • The average score is 15 of 27
Answer Stats
Type Pokedex Number Pokemon % Correct
Psychic 150 Mewtwo
93%
Psychic/Flying 249 Lugia
83%
Ground 383 Groudon
79%
Water 382 Kyogre
79%
Fire/Flying 250 Ho-Oh
76%
Dragon/Electric 644 Zekrom
76%
Dragon/Water 484 Palkia
72%
Dragon/Flying 384 Rayquaza
72%
Dark/Flying 717 Yveltal
69%
Dragon/Steel 483 Dialga
66%
Dragon/Ghost 487 Giratina
66%
Dragon/Ice 646 Kyurem
59%
Dragon/Fire 643 Reshiram
59%
Fighting/Steel 889 Zamazenta
55%
Fighting/Dragon 1007 Koraidon
52%
Psychic/Ghost 792 Lunala
52%
Psychic/Steel 791 Solgaleo
52%
Fairy 716 Xerneas
52%
Electric/Dragon 1008 Miraidon
48%
Fairy/Steel 888 Zacian
48%
Psychic 800 Necrozma
45%
Poison/Dragon 890 Eternatus
38%
Dragon/Ground 718 Zygarde
34%
Normal 1024 Terapagos
31%
Psychic/Grass 898 Calyrex
28%
Psychic 790 Cosmoem
28%
Psychic 789 Cosmog
24%
No matching quizzes found
Score Distribution
Percent of People with Each Score
Percentile by Number Answered
Your Score History
You have not taken this quiz